000 00289nam a22001337a 4500
008 170830b xxu||||| |||| 00| 0 eng d
020 _a9781883403843
041 _aeng
080 _a070
100 _a40
101 _aMED
245 _aTHE NIKON FLASH GUIDE
_cHOGAN,TH
942 _2udc
_cBK
999 _c25600
_d25600